01016cam a2200325 a 45000010005000000030006000050050017000110080041000280100017000690200027000860200015001130200015001280400023001430420009001660500025001750820016002001000021002162450093002372500046003302600040003763000040004165050008004565200060004645210025005245210019005496500033005686500021006016500021006227000047006432271FISKH20231114142349.0950808s1996 nyua j 001 0 eng  a 95035930  a0688132367 (lib. bdg.) a0688132359 a0590374699 aDLCcDLCdDLCbeng alcac00aPS3566.R36bP74 199600a811/.542201 aPrelutsky, Jack.12aA pizza the size of the sun :bpoems /cby Jack Prelutsky ; drawings by James Stevenson. aFirst Scholastic printing, September 1997 aNew York :bScholastic,c1994, 1996 a159 pages :billustrations ;c23 cm aZ'  aA collection of humorous poetry on a variety of topics.8 a1060 bLexile NP 8 aZ' bRaz-Plus  0aChildren's poetry, American. 1aHumorous poetry. 1aAmerican poetry.1 aStevenson, James,d1929-2017,eillustrator